000 00404pab a2200157 454500
008 180718b2003 xxu||||| |||| 00| 0 eng d
100 _aSebastian, Mary Philip
245 _aOrganisational climate of non-profit organisations
260 _c2003
300 _ap.611-18.
362 _aJan-Mar
650 _aNonprofit organizations
700 _aBhargava, S.
773 _aProductivity
909 _a58657
999 _c58657
_d58657